| 000 | 00810nam a2200253 i 4500 | ||
|---|---|---|---|
| 001 | bg | ||
| 245 | 0 | 0 |
_aPraktyczna statystyka w medycynie i farmacji : _bplanowanie i opracowywanie wyników / _c[red. nauk. Janusz Wątroba]. |
| 260 |
_aKraków : _bStatSoft Polska, _c2008. |
||
| 300 |
_a96 s. : _bil. ; _c24 cm. |
||
| 500 | _aMateriały na seminarium org. przez StatSoft Polska w marcu 2008 r. w Warszawie. | ||
| 504 | _aBibliogr. przy ref. | ||
| 650 | 9 |
_aStatystyka _xstosowanie _xmedycyna |
|
| 655 | _aMateriały konferencyjne | ||
| 700 | 1 |
_aWątroba, Janusz. _eRed. |
|
| 015 | _aPB 26522/2008 | ||
| 020 | _a9788388724367 | ||
| 040 | _cBPK | ||
| 041 | _apol | ||
| 044 | _aPOL | ||
| 080 | _a311:61](06) | ||
| 920 | _a978-83-88724-36-7 | ||
| 942 | _cKS | ||
| 008 | 080819s2008 pl a |100 0 pol | ||
| 999 |
_c56266 _d56266 |
||
| 856 |
_uhttp://koha.tu.koszalin.pl/cgi-bin/koha/opac-detail.pl?biblionumber=56266 _yKatalog online BPK |
||